Statystyki dla Wymień wszystkich mistrzów UFC w wadze półciężkiej.

Kliknij tutaj aby rozwiązać quiz!

Ogólne statystyki

  • Ten quiz został rozwiązany 61 razy
  • Średni wynik to 8 z 19

Statystyki odpowiedzi

ROKMistrz% Poprawnych
2020-2021Jan Błachowicz
100%
2011-2015Jon Jones
92%
2018-2020Jon Jones
92%
2021-2022Glover Teixeira
87%
2015-2018Daniel Cormier
83%
2022-2022Jiří Procházka
83%
2023-......Jamahal Hill
77%
2010-2011Maurício Rua
31%
2009-2010Lyoto Machida
29%
TymczasowyRandy Couture
23%
2003-2004Randy Couture
23%
2004-2005Randy Couture
23%
2005-2007Chuck Liddell
21%
2007-2008Quinton Jackson
19%
2000-2003Tito Ortiz
17%
2008-2009Rashad Evans
15%
2004-2004Vitor Belfort
13%
2008-2008Forrest Griffin
12%
1997-1999Frank Shamrock
6%

Rozkład punktacji

Percentyl według liczby udzielonych odpowiedzi

Procent ludzi z każdym wynikiem

Twoja historia wyników

Nie rozwiązałeś tego quizu